000 00336nam a2200133Ia 4500
008 240624s9999 xx 000 0 und d
041 _aeng
082 _a004.6 BUR
100 _aBURNS KEVIN
245 _aTCP IP ANALYSIS AND TROUBLESHOOTING TOOL
260 _c2003
_aNew Delhi
_bWiley Dreamtech India
300 _axii, : 412
365 _cRS
999 _c931
_d931